| 000 | 00478nam a2200169 a 4500 | ||
|---|---|---|---|
| 001 | 2399 | ||
| 003 | CDMR | ||
| 005 | 20130411161327.0 | ||
| 008 | 130130s2001||||||||||||||||||||||||||||d | ||
| 040 |
_aCDMR _bcat _cCDMR |
||
| 100 | 1 |
_aHart, John _91793 |
|
| 245 | 1 | 3 |
_aLa técnica del storyboard _b: guión gráfico para cine, televisión y animación |
| 260 |
_aMadrid _c2001 _bIORTV |
||
| 650 | 0 | 4 |
_9836 _aGuions cinematogràfics |
| 650 | 0 | 4 |
_93143 _aGuions televisius |
| 942 |
_cMON _2udc |
||
| 999 |
_c2399 _d2399 |
||